Los fichajes más caros del fútbol - Interiores izquierdos - Estadísticas

Estadísticas generales
  • Esta prueba ha sido intentada 36 veces
  • La puntuación promedio es 3 de 10
Estadísticas de respuestas
Coste (M €) Temporada Nacionalidad Último club Nuevo club Jugador % Correcto
45,00 2001-2002 República Checa Lazio Juventus Pavel Nedved
94%
27,40 2022-2023 Alemania Atalanta Inter Robin Gosens
69%
19,00 2015-2016 Croacia VfL Wolfsburgo Inter Ivan Perisic
47%
18,00 2012-2013 Ghana Udinese Juventus Kwadwo Asamoah
34%
27,00 2019-2020 Inglaterra Fulham Tottenham Ryan Sessegnon
22%
21,00 2009-2010 Rssia CSKA Moscú Chelsea Yuriy Zhirkov
16%
22,40 2019-2020 Austria Hertha Berlín Inter Valentino Lazaro
6%
17,00 2023-2024 Bélgica KAA Gante Lyon Malick Fofana
3%
18,00 2009-2010 Brasil LOSC LIlle Lyon Michel Bastos
3%
22,80 2011-2012 Inglaterra Aston Villa Liverpool Stewart Downing
3%
No se encontraron pruebas coincidentes
Distribución de puntuación
Porcentaje de gente con cada puntuación
Porcentaje por número respondido
Historial de tus puntuaciones
No has intentado esta prueba.